Welcome to CU Library Online Public Access Catalogue (OPAC)

ACCORDING TO PLAN (Record no. 6420)

MARC details
000 -LEADER
fixed length control field 00369nam a22001457a 4500
005 - DATE AND TIME OF LATEST TRANSACTION
control field 20250612112112.0
008 - FIXED-LENGTH DATA ELEMENTS--GENERAL INFORMATION
fixed length control field 250612b |||||||| |||| 00| 0 eng d
020 ## - INTERNATIONAL STANDARD BOOK NUMBER
International Standard Book Number 9781844740123
050 ## - LIBRARY OF CONGRESS CALL NUMBER
Classification number BS543
Item number .G65 GOL
100 ## - MAIN ENTRY--PERSONAL NAME
Personal name GOLDSWORTHY GRAEME
245 ## - TITLE STATEMENT
Title ACCORDING TO PLAN
260 ## - PUBLICATION, DISTRIBUTION, ETC.
Place of publication, distribution, etc. NOTTINGHAM
Name of publisher, distributor, etc. INTER-VARSITY PRESS
Date of publication, distribution, etc. c1991
300 ## - PHYSICAL DESCRIPTION
Extent 251p
942 ## - ADDED ENTRY ELEMENTS (KOHA)
Source of classification or shelving scheme Library of Congress Classification
Koha item type Books
Suppress in OPAC No
999 ## -
-- 6420
-- 6420
Holdings
Withdrawn status Lost status Source of classification or shelving scheme Damaged status Not for loan Collection Home library Current library Shelving location Date acquired Total checkouts Full call number Barcode Date last seen Copy number Price effective from Koha item type
    Library of Congress Classification     Non-fiction Undergraduate Library (Christ Temple) Undergraduate Library (Christ Temple) General stacks 06/12/2025   BS543.G65 GOL ulct00003215 06/12/2025 1 06/12/2025 Books
    Library of Congress Classification     Non-fiction Undergraduate Library (Christ Temple) Undergraduate Library (Christ Temple) General stacks 06/12/2025   BS543.G65 GOL ulct00003216 06/12/2025 2 06/12/2025 Books
© 2023-2024 Copyright: Central University Libraries. All Rights Reserved | Created by: Mahone Tech Office